[Event "Ceske Budejovice op"]
[Site "Ceske Budejovice"]
[Date "2021.07.09"]
[Round "9"]
[White "Steinbauer, Filip"]
[Black "Medunova, Vera"]
[Result "1/2-1/2"]
[WhiteElo "1899"]
[BlackElo "2084"]
[PlyCount "183"]
[EventDate "2021.07.01"]
[EventType "swiss"]
[EventRounds "9"]
[EventCountry "CZE"]
[SourceTitle "CBM 203 Extra"]
[Source "ChessBase"]
[SourceDate "2021.09.30"]
[SourceVersion "1"]
[SourceVersionDate "2021.09.30"]
[SourceQuality "1"]

1. e4 c5 2. Nf3 Nc6 3. d4 cxd4 4. Nxd4 e5 5. Nf5 d5 6. exd5 Bxf5 7. dxc6 Qxd1+ 8. Kxd1 bxc6 9. Bd3 0-0-0 10. Ke2 Bxd3+ 11. cxd3 Bc5 12. Be3 Bb6 13. Nd2 f6 14. Nc4 Kb7 15. a4 Ne7 16. a5 Bd4 17. Rhb1 Ka6 18. Na3 Rd5 19. Nc2 Rb8 20. Ra4 Bxe3 21. fxe3 Rxa5 22. Rxa5+ Kxa5 23. d4 exd4 24. Nxd4 Kb6 25. Ne6 g6 26. Rd1 Nd5 27. e4 Re8 28. exd5 cxd5 29. Rxd5 Rxe6+ 30. Kd3 a6 31. Rd7 h5 32. Rg7 f5 33. Kd4 Kb5 34. Rb7+ Kc6 35. Ra7 Re4+ 36. Kd3 Kb6 37. Rg7 Rg4 38. g3 a5 39. Ke3 Re4+ 40. Kd3 Re6 41. Kc3 a4 42. Kb4 Re4+ 43. Ka3 Rg4 44. b3 axb3 45. Kxb3 Kc5 46. Kc3 Kd5 47. Kd3 Ke5 48. Ke3 Kf6 49. Ra7 h4 50. Kf3 hxg3 51. hxg3 Rb4 52. Ra6+ Kg5 53. Ra5 Rb2 54. Ra4 Kh5 55. Rh4+ Kg5 56. Ra4 Rh2 57. Rb4 Rc2 58. Ra4 Rc3+ 59. Kg2 Rc6 60. Kf3 Kf6 61. g4 Rc3+ 62. Kg2 Kg5 63. gxf5 gxf5 64. Kf2 Rd3 65. Ra8 Kg4 66. Ra4+ f4 67. Ra8 Rd2+ 68. Kf1 Rb2 69. Ra3 Rh2 70. Kg1 Rd2 71. Kf1 Rc2 72. Rb3 Ra2 73. Rc3 Rd2 74. Ra3 Kf5 75. Ra5+ Ke4 76. Ra4+ Kf3 77. Ra3+ Kg4 78. Rb3 Rd4 79. Kf2 Rd2+ 80. Kf1 Ra2 81. Rc3 f3 82. Rc8 Ra4 83. Rg8+ Kf4 84. Rf8+ Kg3 85. Rg8+ Rg4 86. Rxg4+ Kxg4 87. Kf2 Kf4 88. Kf1 Ke4 89. Kf2 Kf4 90. Kf1 Ke3 91. Ke1 f2+ 92. Kf1 1/2-1/2

[Event "CZE-chT U18 Extraliga final-B 1718"]
[Site "Czech Republic"]
[Date "2018.04.20"]
[Round "8.4"]
[White "Steinbauer, Filip"]
[Black "Richterova, Julie"]
[Result "1/2-1/2"]
[WhiteElo "1857"]
[BlackElo "1736"]
[PlyCount "136"]
[EventDate "2017.10.07"]
[EventType "team-tourn"]
[EventRounds "11"]
[EventCountry "CZE"]
[SourceTitle "EXT 2023"]
[Source "ChessBase"]
[SourceDate "2022.10.05"]
[SourceVersion "1"]
[SourceVersionDate "2022.10.05"]
[SourceQuality "1"]
[WhiteTeam "Ceske Budejovice (U18)"]
[BlackTeam "Kurim (U18)"]
[WhiteTeamCountry "CZE"]
[BlackTeamCountry "CZE"]

1. e4 d5 2. exd5 Qxd5 3. Nc3 Qd6 4. Nf3 Bg4 5. Be2 Nf6 6. d3 e6 7. 0-0 c6 8. Ne4 Qc7 9. Nxf6+ gxf6 10. Nd4 h5 11. h3 Bxe2 12. Qxe2 Na6 13. Nxe6 fxe6 14. Qxe6+ Qe7 15. Qf5 Qe5 16. Qg6+ Kd7 17. Bd2 Bd6 18. f4 Qd4+ 19. Kh1 Rag8 20. Qf7+ Be7 21. Rae1 Qd6 22. Bc3 Rf8 23. Qg6 Nc7 24. Qf5+ Kd8 25. Qe4 Nd5 26. Bd4 Rfg8 27. c4 Nc7 28. Bxa7 Rg7 29. Bd4 Rhg8 30. Re2 Qd7 31. f5 Kc8 32. Bc3 Ne8 33. Qf3 Rg5 34. Qe3 R8g7 35. Qa7 Nc7 36. Ba5 Rxf5 37. Rfe1 Rfg5 38. Bxc7 Kxc7 39. Qe3 Bd6 40. Qf3 Be5 41. Rd1 Rf5 42. Qe3 Rg3 43. Qd2 Bd4 44. Qe1 Rg7 45. b4 Rfg5 46. Qf1 Qd6 47. b5 c5 48. a4 b6 49. Qf3 h4 50. Qa8 Be5 51. a5 Rg8 52. Qa7+ Kc8 53. axb6 Qb8 54. Qe7 Qxb6 55. Ra2 R5g7 56. Ra8+ Bb8 57. Qe4 Qd6 58. Qf5+ Kd8 59. Rxb8+ Qxb8 60. Qxf6+ Re7 61. Ra1 Rgg7 62. Qxh4 Qg3 63. Ra8+ Kc7 64. Ra7+ Kd8 65. Ra8+ Kd7 66. Ra7+ Kd6 67. Ra6+ Kc7 68. Ra7+ Kd8 1/2-1/2

[Event "CZE-chT U18 Extraliga West 1718"]
[Site "Czech Republic"]
[Date "2018.01.20"]
[Round "7.4"]
[White "Svacina, Tobias"]
[Black "Steinbauer, Filip"]
[Result "0-1"]
[WhiteElo "1457"]
[BlackElo "1857"]
[PlyCount "102"]
[EventDate "2017.10.07"]
[EventType "team-tourn"]
[EventRounds "11"]
[EventCountry "CZE"]
[SourceTitle "EXT 2023"]
[Source "ChessBase"]
[SourceDate "2022.10.05"]
[SourceVersion "1"]
[SourceVersionDate "2022.10.05"]
[SourceQuality "1"]
[WhiteTeam "Praha Promat Oaza (U18)"]
[BlackTeam "Ceske Budejovice (U18)"]
[WhiteTeamCountry "CZE"]
[BlackTeamCountry "CZE"]

1. e4 c5 2. Nf3 d6 3. d4 cxd4 4. Nxd4 Nf6 5. Nc3 g6 6. Be3 Bg7 7. Bc4 Nc6 8. h3 Bd7 9. 0-0 Rc8 10. Bb3 0-0 11. Re1 Ne5 12. Nf3 Nc6 13. Nd4 a6 14. Nd5 Nxd5 15. exd5 Na5 16. Qd3 Nxb3 17. axb3 Re8 18. c4 e6 19. dxe6 fxe6 20. Nf3 Bc6 21. Bg5 Qd7 22. Rad1 Bxf3 23. gxf3 Rc6 24. Re2 Qf7 25. Kg2 h6 26. Bh4 Rf8 27. Qe4 e5 28. Qd5 Rb6 29. Be7 Rc8 30. Bxd6 Qxd5 31. Rxd5 Rxb3 32. c5 Rb5 33. Red2 Re8 34. Bc7 e4 35. fxe4 Rxe4 36. Bb6 Re7 37. Rd7 Kf7 38. Rxe7+ Kxe7 39. Rd6 g5 40. Rd8 Rxb6 41. Rg8 Rg6 42. Rb8 Ke6 43. Rxb7 Kd5 44. b4 Bc3 45. Kg3 Kc4 46. h4 Bxb4 47. Rb6 Rxb6 48. cxb6 a5 49. hxg5 hxg5 50. Kg4 Bd2 51. b7 Bf4 0-1

[Event "Ceske Budejovice op"]
[Site "Ceske Budejovice"]
[Date "2015.06.19"]
[Round "1"]
[White "Steinbauer, Filip"]
[Black "Ivanov, Mikhail M"]
[Result "0-1"]
[WhiteElo "1905"]
[BlackElo "2397"]
[PlyCount "64"]
[EventDate "2015.06.19"]
[EventType "swiss"]
[EventRounds "9"]
[EventCountry "CZE"]
[SourceTitle "CBM 167 Extra"]
[Source "ChessBase"]
[SourceDate "2015.09.14"]
[SourceVersion "1"]
[SourceVersionDate "2015.09.14"]
[SourceQuality "1"]

1. e4 g6 2. d4 Bg7 3. c3 d6 4. Nf3 Nf6 5. Bd3 0-0 6. 0-0 Nc6 7. h3 e5 8. dxe5 dxe5 9. Bg5 h6 10. Be3 Nh5 11. Bc2 Qf6 12. Nbd2 Nf4 13. Bxf4 Qxf4 14. Qe2 h5 15. Rfd1 Be6 16. Nb3 b6 17. a4 a5 18. Nbd2 Rfe8 19. Nc4 Nb8 20. Ne3 c6 21. Nc4 Nd7 22. Rd6 Rac8 23. Rad1 Rc7 24. g3 Qf6 25. h4 Bf8 26. R6d2 Bxc4 27. Qxc4 Qxf3 28. Rxd7 Rxd7 29. Rxd7 Bc5 30. Rd2 Qxg3+ 31. Kf1 Qh3+ 32. Ke2 Qxh4 0-1

[Event "CZE-chT2A 1314"]
[Site "Czech Republic"]
[Date "2014.04.06"]
[Round "11.8"]
[White "Steinbauer, Filip"]
[Black "Pokorny, Petr"]
[Result "1-0"]
[WhiteElo "1604"]
[BlackElo "2171"]
[PlyCount "59"]
[EventDate "2013.11.03"]
[EventType "team-tourn"]
[EventRounds "11"]
[EventCountry "CZE"]
[SourceTitle "EXT 2015"]
[Source "ChessBase"]
[SourceDate "2014.11.20"]
[SourceVersion "1"]
[SourceVersionDate "2014.11.20"]
[SourceQuality "1"]
[WhiteTeam "Strakonice"]
[BlackTeam "Postovni sporitelna II"]
[WhiteTeamCountry "CZE"]
[BlackTeamCountry "CZE"]

1. e4 c5 2. Nf3 d6 3. d4 cxd4 4. Nxd4 Nf6 5. Nc3 a6 6. Bg5 e6 7. f4 b5 8. e5 dxe5 9. fxe5 Qc7 10. Nf3 Nfd7 11. Qe2 Bb4 12. Bd2 Nc6 13. 0-0-0 Bb7 14. Re1 0-0 15. h4 Rfc8 16. Kb1 Bf8 17. Bf4 Nb4 18. Ng5 h6 19. Qh5 g6 20. Qg4 hxg5 21. Qxg5 Nd5 22. h5 Nxf4 23. Qxf4 Bg7 24. hxg6 fxg6 25. Qh4 Nf8 26. Bd3 Bxe5 27. Qg5 Bg7 28. Bxg6 Qc5 29. Qg4 Nxg6 30. Qxe6+ 1-0

[Event "CZE-ch U14"]
[Site "Kouty nad Desnou"]
[Date "2014.03.09"]
[Round "2"]
[White "Steinbauer, Filip"]
[Black "Novy, Filip"]
[Result "0-1"]
[WhiteElo "1637"]
[BlackElo "1817"]
[PlyCount "70"]
[EventDate "2014.03.08"]
[EventType "swiss"]
[EventRounds "9"]
[EventCountry "CZE"]
[SourceTitle "EXT 2015"]
[Source "ChessBase"]
[SourceDate "2014.11.20"]
[SourceVersion "1"]
[SourceVersionDate "2014.11.20"]
[SourceQuality "1"]

1. e4 c5 2. Nf3 e6 3. d4 cxd4 4. Nxd4 Nf6 5. Bd3 d6 6. 0-0 Nc6 7. Nxc6 bxc6 8. c4 Be7 9. Nc3 0-0 10. Qe2 Nd7 11. f4 Bf6 12. Be3 Qa5 13. Rac1 Ba6 14. Qf3 Rab8 15. Rf2 Rb7 16. g4 Rfb8 17. g5 Bxc3 18. bxc3 d5 19. exd5 cxd5 20. Qh5 g6 21. Qh6 Nc5 22. Bd4 f5 23. Be2 Qa3 24. Re1 Ne4 25. Rg2 Bxc4 26. Bh5 Qf8 27. Bxg6 Qxh6 28. gxh6 hxg6 29. Rxg6+ Kh7 30. Rxe6 Rg8+ 31. Kh1 Be2 32. Bg7 Bf3+ 33. Kg1 Rb2 34. Rc1 Rg2+ 35. Kf1 Rxh2 0-1

[Event "EU Union-ch U12"]
[Site "Malenovice"]
[Date "2013.09.05"]
[Round "9"]
[White "Steinbauer, Filip"]
[Black "Kopcova, Ludmila"]
[Result "1/2-1/2"]
[WhiteElo "1464"]
[BlackElo "1599"]
[PlyCount "105"]
[EventDate "2013.08.28"]
[EventType "swiss"]
[EventRounds "9"]
[EventCountry "CZE"]
[SourceTitle "CBM 156 Extra"]
[Source "ChessBase"]
[SourceDate "2013.10.22"]
[SourceVersion "1"]
[SourceVersionDate "2013.10.22"]
[SourceQuality "1"]

1. e4 e5 2. d4 exd4 3. Nf3 Nc6 4. c3 dxc3 5. Bc4 Nf6 6. 0-0 Be7 7. e5 Ng4 8. Re1 d6 9. e6 Bxe6 10. Bxe6 fxe6 11. Rxe6 0-0 12. Nxc3 Kh8 13. Qe2 Bf6 14. Ne4 Qd7 15. Nfg5 Bxg5 16. Nxg5 Nf6 17. Qd3 Ne5 18. Qh3 Rae8 19. Bf4 Rxe6 20. Qxe6 h6 21. Qxd7 Nfxd7 22. Ne6 Rf6 23. Bxe5 Rxe6 24. Bc3 Kg8 25. f3 Nb6 26. Kf2 Kf7 27. b3 Nd7 28. Rc1 c6 29. Bd4 a6 30. Rc2 Ne5 31. f4 Nd3+ 32. Kg3 Rg6+ 33. Kh4 Re6 34. g3 Nb4 35. Rd2 Nd5 36. Kh3 Re7 37. Kg2 Rd7 38. Kf3 Nf6 39. g4 d5 40. Bb6 Ne4 41. Rd1 Kg6 42. h4 Re7 43. f5+ Kf7 44. Rd3 Re8 45. Kf4 Nf6 46. g5 Re4+ 47. Kf3 hxg5 48. hxg5 Nd7 49. Bd4 Rh4 50. Rd2 c5 51. Bf2 Ne5+ 52. Kg3 Rg4+ 53. Kh3 1/2-1/2

[Event "EU Union-ch U12"]
[Site "Malenovice"]
[Date "2013.09.04"]
[Round "8"]
[White "Steinbauer, Filip"]
[Black "Sibajeva, Marija"]
[Result "1/2-1/2"]
[WhiteElo "1464"]
[BlackElo "1649"]
[PlyCount "96"]
[EventDate "2013.08.28"]
[EventType "swiss"]
[EventRounds "9"]
[EventCountry "CZE"]
[SourceTitle "CBM 156 Extra"]
[Source "ChessBase"]
[SourceDate "2013.10.22"]
[SourceVersion "1"]
[SourceVersionDate "2013.10.22"]
[SourceQuality "1"]

1. e4 c5 2. Nf3 a6 3. d4 cxd4 4. Nxd4 Nf6 5. Nc3 e5 6. Nb3 Bb4 7. Qd3 d5 8. a3 Bxc3+ 9. Qxc3 d4 10. Qg3 0-0 11. Bd3 Nbd7 12. f3 b6 13. h4 Qe7 14. h5 Kh8 15. Bg5 h6 16. Bd2 Nc5 17. Nxc5 bxc5 18. b4 Nd7 19. 0-0 f6 20. Bc4 Nb6 21. Ba2 c4 22. c3 Be6 23. Qf2 Qd6 24. Rad1 d3 25. Be3 Na4 26. Rc1 Rfd8 27. Rfd1 Rac8 28. Rd2 Rd7 29. Kh1 f5 30. Qh4 f4 31. Bf2 Bf7 32. Bg1 Qe6 33. Qe1 Bxh5 34. Qd1 Nb6 35. Rxd3 Rxd3 36. Qxd3 Qh3+ 37. gxh3 cxd3 38. Kg2 Na4 39. c4 Nb2 40. Bb3 d2 41. Rb1 Nxc4 42. Bc5 Ne3+ 43. Kf2 Rc7 44. Ke2 Rc8 45. a4 Kh7 46. Rg1 Kh8 47. Rb1 Kh7 48. Rg1 Kh8 1/2-1/2